Statistiques concernant Fortnite - Les 100 joueurs de la World Cup

Cliquez ici pour prendre le quiz!

Statistiques générales

  • Ce quiz a été pris 803 fois
  • Le résultat moyen est 12 sur 100

Statistiques - réponses

PlaceCountryPlayer% Correct
1USABugha
96%
13AngleterreMongraal
80%
7FranceSkite
74%
5ArgentineKing
72%
26FranceKinstaar
72%
8FranceNayte
62%
29NorvègeMr Savage
53%
2USAPsalm
51%
67USATfue
51%
25AngleterreBenjyfishy
39%
88FranceSnayzy
35%
18USAClix
31%
94AutricheAqua
30%
15USADubs
22%
45BelgiqueDRG
20%
3USAEpikwhale
20%
79FranceBlax
18%
4USAKreo
17%
81FranceBlastR
15%
86FranceRobabz
14%
37IraqIssa
13%
14AutricheStompy
13%
36CanadaZayt
13%
6SuèdeCrue
12%
62USAMegga
12%
43PologneTeeq
11%
32AllemagneLetshe
9%
23USABizzle
8%
64USABucke
7%
16USAPika
7%
9USARiversan
7%
10CanadaFatch
6%
24NorvègeEndretta
5%
19Corée du sudPeterPan
5%
11USARhux
5%
12SuèdeTchub
5%
96AustralieTwins
5%
20USACommandment
4%
21LettonieDomentos
4%
52PologneJarkos
4%
41SuèdeLefteye
4%
39USAStorm
4%
38USAVivid
4%
100Corée du SudArius
3%
61USAAspect
3%
87USAAstonish
3%
65Corée du SudBanny
3%
17FinlandeBelaeu
3%
95AustralieCat
3%
60USACeice
3%
56USAClarityG
3%
98ArgentineClipnode
3%
49EcosseCoregaminGG
3%
40EspagneDiegoGB
3%
99USAFunk
3%
31AllemagneFwexy
3%
93USAHornet
3%
30RussieK1nzell
3%
28USAKlass
3%
47DanemarkKlusia
3%
83AustralieLink
3%
58IrlandeLolboom
3%
91JaponMaufin
3%
51BrésilNicks
3%
90USAReverse2K
3%
35USARogueShark
3%
44AngleterreSmeef
3%
74USASnow
3%
33JaponTakamuramm
3%
48SuèdeWakie
3%
53USAArkhram1x
2%
50USAChenkinz
2%
75BrésilDrakonz
2%
66AllemagneEmqu
2%
72SuèdeErouce
2%
54ChineEvilmare
2%
73Corée du SudFaxfox
2%
63AllemagneFledermoys
2%
97USAHerrions
2%
55Corée du sudHood.J
2%
85FinlandeKarhu
2%
70USAKawzmik
2%
42CanadaKolorful
2%
27BrésilKurtz
2%
71BrésilLasers
2%
89USALegedien
2%
57BrésilLeleo
2%
59RussieLetw1k3
2%
82PologneLuki
2%
77USALuneze
2%
80AllemagneLyght
2%
84République TchèqueMarteen
2%
92USANittle
2%
34USAPzuhs
2%
78AustralieSlaya
2%
76USATouzii
2%
69USAUnknownxarmy
2%
46EspagnePrison3ro
1%
22République TchèqueSkailereu
1%
68AustralieSozmann
1%

Distribution des résultats

Percentile par nombre de réponses

% des personnes avec chaque résultat

Votre développement - résultats

Vous n’avez pas pris ce quiz